000 00401nam a2200157Ia 4500
003 GCL
008 140319s9999 xx 000 0 aRus d
040 _aGCL /
_cGCL
082 0 4 _a861
_bV T
100 1 _aVALLEJO, ANTONIO BUERO
245 1 0 _aTEATRO /
_cVALLEJO, ANTONIO BUERO
260 _a[S.N] :
_bESPASA - CALPE ،
_c1994
650 0 4 _aLITERATURE
650 0 4 _aSPANISH THEATRE
942 _2ddc
_cBK
999 _c13118
_d13118